Statystyki dla 3 najlepsze drużyny koszykówki z każdego województwa

Kliknij tutaj aby rozwiązać quiz!

Ogólne statystyki

  • Ten quiz został rozwiązany 147 razy
  • Średni wynik to 11 z 43

Statystyki odpowiedzi

WojewództwoKlub% Poprawnych
Legia Warszawa
67%
Asseco Arka Gdynia
62%
DolnośląskieWKS Śląsk Wrocław
62%
Kujawsko-PomorskieAnwil Włocławek
61%
PomorskieTrefl Sopot
58%
LubuskieStelmet Enea BC Zielona Góra
57%
Polski Cukier Toruń
51%
Enea Astoria Bydgoszcz
46%
ZachodniopomorskieKing Szczecin
46%
LubelskieStart Lublin
46%
WielkopolskieBM Slam Stal Ostrów Wielkopolski
41%
MazowieckieHydrotruck Radom
38%
PGE Spójnia Stargard
38%
GTK Gliwice
37%
ŁKS AZS UŁ SG Łódź
35%
ŚląskieMKS Dąbrowa Górnicza
30%
Polpharma Starogard Gdański
30%
Energa Kotwica Kołobrzeg
29%
Górnik Trans.eu Wałbrzych
26%
MałopolskieTS Wisła Platinium Kraków
25%
Miasto Szkła Krosno
24%
PodkarpackieRawlplug Sokół Łańcut
24%
Biofarm Basket Poznań
20%
WKK Wrocław
17%
Elektrobud-Investment ZB Pruszków
14%
AZS AGH Oknoplast Kraków
13%
GKS Tychy
12%
OpolskiePogoń Prudnik
11%
Żubry Białystok
10%
ŁódzkieKS Księżak Łowicz
9%
Timeout Polonia 1912 Leszno
9%
Weegree AZS Politechnika Opolska
6%
ŚwiętokrzyskieAZS UJK Kielce
5%
BC Swiss Krono Żary
5%
PKK 99 Pabianice
5%
PodlaskieKKS Tur Basket Bielsk Podlaski
2%
AZS Basket Nysa
1%
U!NB AZS UMCS Start II Lublin
1%
AZS PWSTE Jarosław
0%
KK UR Bozza Kraków
0%
MKK Kielce
0%
Pactum Scyzory Kielce
0%
WSTK Wschowa
0%

Rozkład punktacji

Percentyl według liczby udzielonych odpowiedzi

Procent ludzi z każdym wynikiem

Twoja historia wyników

Nie rozwiązałeś tego quizu